La responsabilità civile nell'attività di volontariato e il problema assicurativo

Uloženo v:
Podrobná bibliografie
Korporativní autor: CELIVO Centro servizi per il volontariato della provincia di Genova
Další autoři: Capecchi, Marco (testi di)
Médium: Kniha
Jazyk:angličtina
Vydáno: Genova CELIVO 2003
Tagy: Přidat tag
Žádné tagy, Buďte první, kdo vytvoří štítek k tomuto záznamu!

MARC

LEADER 00000nam a2200000 4500
005 20231122221838.0
008 231122b |||||||| |||| 00| 0 eng d
040 |c C 
110 |a CELIVO Centro servizi per il volontariato della provincia di Genova 
245 |a La responsabilità civile nell'attività di volontariato e il problema assicurativo 
260 |a Genova  |b CELIVO  |c 2003 
700 |a Capecchi, Marco  |c (testi di) 
942 |2 ddc  |c BK  |n 0 
952 |0 0  |1 0  |2 ddc  |4 0  |6 344_000000000000000_CEL_RES  |7 1  |9 310  |a GE  |b GE  |d 2015-03-08  |l 0  |o 344 CEL RES  |p 2041  |r 2023-11-22 22:19:23  |w 2023-11-22  |y BK 
999 |c 225  |d 225